000 00648nam a2200205 a 4500
999 _c3029
_d3029
001 3029
003 BD-JhCC
005 20171113200552.0
008 171109s1383 bg ||||| ||a| 00| 0 en d
035 _a(BD-JhCC)3029
040 _aBD-JhCC
_dBD-JhCC
041 _aben
082 _a891.443
_bBIS 1383
245 _aবিশ্বের শ্রেষ্ঠ রহস্য উপন্যাস ও গল্প 5 /
_cঅ্যালিংহাম... [et. all.].
260 _aঢাকা :
_bগ্রন্থনলয়,
_c1383.
300 _avries pages :
_c20cm. :
650 _aCollection of novel
942 _2ddc
_cBK